00592nam a2200157Ia 4500003000400000005001700004008004100021040001800062041000800080100005400088245010600142260003500248942001300283999001900296952011900315Ost20260119105924.0211028s2013 xx 000 0 und d cAIMIT LIBRARY aeng aAnchan, Mithali K; James, Justine.g111609197034 aComparative analysis of marketing strategies of hyundai with maruti suzuki in the city of Mangalore / aMangalorebJustine Jamesc2013 2ddccPRO c218604d218604 00102ddc40718PR_MBAaAIMITbAIMITd2021-10-28eMBAl0pPRB00684r2021-10-28 00:00:00t1116091w2021-10-28yPRO